| 000 | 00576cam a2200181 4500 | ||
|---|---|---|---|
| 001 | X118480 | ||
| 008 | 020620n2002 000 0 eng u | ||
| 035 | _a(Sirsi) u118480 | ||
| 100 | _aExall, G | ||
| 245 | _aCivil litigation brief | ||
| 260 | _c2002 | ||
| 490 |
_aSolicitors' Journal _v146(7) 22 February 2002, 164-165(2) |
||
| 520 | _aLooks at implication of award of costs following Part 36 offer to settle in two recent Appeal Court cases. | ||
| 650 | _aOFFERS TO SETTLE | ||
| 650 | _aCIVIL PROCEDURE RULES 1998 | ||
| 690 |
_aDispute resolution _96236 |
||
| 942 | _n0 | ||
| 999 |
_c70534 _d70534 |
||